Statistics for Golden State Warriors Top 10 Leaders

Click here to take the quiz!

General Stats

  • This quiz has been taken 178 times
    (148 since last reset)
  • The average score is 11 of 30

Answer Stats

Answer% Correct
Stephen Curry
100%
Klay Thompson
96%
Wilt Chamberlain
96%
Draymond Green
91%
Rick Barry
80%
Chris Mullin
76%
Tim Hardaway
62%
Nate Thurmond
50%
Monta Ellis
43%
Paul Arizin
41%
Clyde Lee
40%
Latrell Sprewell
28%
Larry Smith
26%
Neil Johnston
23%
Joe Barry Carroll
22%
Adonal Foyle
20%
George Johnson
19%
Guy Rodgers
18%
Sleepy Floyd
17%
Jeff Mullins
17%
Andris Biedrins
17%
Manute Bol
16%
Robert Parish
16%
Purvis Short
15%
Tom Gola
14%
Al Attles
14%
Clifford Ray
10%
Erick Dampier
8%
Sonny Parker
1%
Joe Graboski
1%

Score Distribution

Percentile by Number Answered

Percent of People with Each Score

Your Score History

You have not taken this quiz since the last reset